Zlatá žatva Slovákov ME v kulturistike mužov a zmiešaných párov (5.-8. máj 2006, Bratislava, Slovensko)

Podrobná bibliografia
Hlavný autor: Bárdoš, Boris (Autor)
Médium: Článok
Jazyk:slovenčina
Fyzický popis:Fotogr.
ISSN:1335-7867
Predmet:

MARC

LEADER 00000nab a2200000 ar4500
001 vtls008825948
003 SK-MaSNL
005 20260303063021.0
008 060626c2006 xo wr|p|||||||000 b|slo
015 |a SNBRB2006/06  |2 snkbucl 
038 |a SNKBUCL 
040 |a SNKBUCL  |b slo  |c SNKBUCL  |e AACR2 
041 0 |a slo 
044 |a xo  |c SK 
080 |a 796.894.093.1  |x (4)  |2 UDC-MRF-SK2 
100 1 |a Bárdoš, Boris  |4 aut  |9 27407 
245 1 0 |a Zlatá žatva Slovákov  |b ME v kulturistike mužov a zmiešaných párov (5.-8. máj 2006, Bratislava, Slovensko)  |c Boris Bárdoš 
300 |b Fotogr. 
611 2 7 |a Majstrovstvá Európy mužov a zmiešaných párov  |d (2006 :  |c Bratislava, Slovensko)  |2 snkbucl  |9 1059599 
650 0 7 |a kulturistika  |2 snkbucl  |9 3254 
650 0 7 |a muži  |2 snkbucl  |9 4888 
773 0 |t Muscle a fitness  |g Roč. XVI, č. 7 (2006), s. 85-94  |x 1335-7867 
852 |a SNK  |b KIS3GCP 
999 |c 1741376  |d 1743306